000 02138njm a2200565 i 4500
001 34966
003 KOSZ 005
005 20220822083143.0
007 sd fsngnnmmned
008 061010s2005 pl munn i 000 0 d
020 _a836000417X
040 _cKOSZ 005
_aKOSZ 005
_dKOSZ 005/AR
041 0 _apol
046 _k2005
080 _a780.8:780.611/.615(436)
080 _a(086.7)
100 1 _aHaydn, Joseph
_d(1732-1809)
_eKompozytor
245 1 0 _aHaydn /
_cJoseph Haydn.
260 _aWarszawa :
_bMediasat Poland,
_c2005.
300 _a1 płyta CD (73 min 13 s) :
_bzapis cyfrowy, stereo ;
_c12 cm +
_eTekst : 43 strony : ilustracje ; 13 cm x 14 cm.
336 _2rdacontent
_aNagranie muzyczne
_bprm
336 _2rdacontent
_3Dodatek
_aTekst
_btxt
337 _2rdamedia
_aAudio
_bs
337 _2rdamedia
_aKomputer
_bc
337 _2rdamedia
_3Dodatek
_aBez urządzenia pośredniczącego
_bn
338 _2rdacarrier
_aPłyta audio
_bd
338 _2rdacarrier
_3Dodatek
_aWolumin
_bc
380 _aMuzyka
388 _a1701-1800
388 _a1801-1900
490 1 _aBiblioteka Gazety Wyborczej. Wielcy Kompozytorzy ;
_v11
500 _aTekst komentarza: Andrzej Sitarz.
500 _aWykonanie: Festetics Quartet.
500 _aNagranie: Biblioteka Techniczna, Budapeszt, Węgry, 1993-1999.
505 _aKwartet smyczkowy c-moll op.17 nr 4(Hob.III.28), kwartet smyczkowy B-dur op. 76 nr 4 (hob.III.78)("Wschód słońca"), Kwartet smyczkowy fis-moll op.50 nr 4 (Hob.III.47).
600 1 7 _aHaydn, Joseph
_d(1732-1809)
648 7 _a1701-1800
648 7 _a1801-1900
650 9 _aKompozytorzy austriaccy
655 _aDokumenty dźwiękowe
655 _aKwartet smyczkowy (utwór muzyczny)
655 _aMuzyka instrumentalna
655 _aMuzyka kameralna
655 _aMuzyka poważna
700 1 _aSitarz, Andrzej
_eTekst
710 2 _aFestetics Vonósngyes
710 2 _aMediasat Poland
_eWydawca
830 0 _aBiblioteka Gazety Wyborczej.
_pWielcy Kompozytorzy
_v11
942 _cCD
_2UKD
999 _c34966
_d34966